000 00310nam a22001217a 4500
020 _a981-02-1622-X
082 _a539 QUA'R
100 _aRANDJBAR-DACMI, S
_968004
245 _aQUANTUM FIELD THEORY AND CONDENSED MATTER PHYSICS
260 _aSINGAPORE
_bWORLD SCIENTIFIC
_c1994
300 _a140P
942 _cBK
999 _c575670
_d575670